MARC details
| 000 -LÍDER |
| campo de controle de tamanho fixo |
01885nam a2200337 4500 |
| 001 - NÚMERO DE CONTROLE |
| campo de controle |
458 |
| 003 - IDENTIFICADOR DO NÚMERO DE CONTROLE |
| campo de controle |
OSt |
| 005 - DATA E HORÁRIO DA ÚLTIMA TRANSAÇÃO |
| campo de controle |
20260129075937.0 |
| 008 - CAMPO DE DADOS FIXOS--INFORMAÇÃO GERAL |
| campo de controle de tamanho fixo |
250807b |||||||j |||| 00| 1 eng d |
| 020 ## - ISBN - INTERNATIONAL STANDARD BOOK NUMBER |
| ISBN - International Standard Book Number |
9788598078717 |
| 040 ## - FONTE DA CATALOGAÇÃO |
| Idioma da catalogação |
por |
| 041 ## - CÓDIGO DE IDIOMA |
| Código do idioma do original e/ou traduções intermediárias do texto |
eng |
| Código do idioma do texto/trilha sonora ou título diferente |
por |
| 082 ## - CDD - CLASSIFICAÇÃO DECIMAL DE DEWEY |
| Número de Classificação |
028.5 |
| Número do exemplar |
C874c |
| 100 1# - ENTRADA PRINCIPAL--NOME PESSOAL |
| Nome pessoal |
Cowell, Cressida. |
| Datas associadas ao nome |
1819-1891 |
| 240 ## - TÍTULO UNIFORME |
| Título uniforme |
How to Train Your Dragon |
| 245 ## - TÍTULO |
| Título |
Como Treinar o seu Dragão #1: |
| Indicação de responsabilidade, etc. |
Cowell, Cressida. ; Tradução de Zampli, Raquel |
| 260 ## - PUBLICAÇÃO, DISTRIBUIÇÃO, ETC. |
| Local de publicação, distribuição, etc. |
Rio de Janeiro |
| Nome do editor, distribuidor, etc. |
Intríniseca |
| Data da publicação, distribuição, etc. |
2014 |
| 300 ## - DESCRIÇÃO FÍSICA |
| Extensão |
224 p. |
| Outros detalhes físicos |
il. |
| 520 ## - NOTA DE RESUMO, ETC. |
| Resumo, etc. |
Soluço Spantosicus Strondus III foi um extraordinário herói viking. Chefe guerreiro, mestre no combate com espadas, era conhecido por todo o território viking como "O encantador de dragões", devido ao poder que exercia sobre as terríveis feras. Mas nem sempre foi assim...<br/>Neste livro estão as memórias da época em que Soluço era apenas um garoto normal. Muito normal. Nem um pouco heroico. Ele precisava desesperadamente capturar e treinar um dragão, e teria de ser o animal mais impressionante de todos. Mas tudo o que conseguiu foi uma criaturinha pequena e banguela, nada ameaçadora. Foi então que seu destino de herói começou a ser traçado.<br/><br/>Inteiramente ilustrado, com muita ação e o tipo de humor que arranca gargalhadas até dos mais carrancudos, Como treinar o seu dragão é o primeiro livro de uma série que é sucesso mundial, escrita e ilustrada pela inglesa Cressida Cowell, autora premiada de obras infantis e infantojuvenis. |
| 650 #0 - ASSUNTO--TERMO TÓPICO |
| Cabeçalho tópico ou nome geográfico |
Literatura Inglesa |
| 9 (RLIN) |
89 |
| 650 #0 - ASSUNTO--TERMO TÓPICO |
| Cabeçalho tópico ou nome geográfico |
Infantojuvenil |
| 9 (RLIN) |
200 |
| 650 #0 - ASSUNTO--TERMO TÓPICO |
| Cabeçalho tópico ou nome geográfico |
Aventura |
| 9 (RLIN) |
47 |
| 650 #0 - ASSUNTO--TERMO TÓPICO |
| Cabeçalho tópico ou nome geográfico |
Dragões |
| 9 (RLIN) |
991 |
| 650 #0 - ASSUNTO--TERMO TÓPICO |
| Cabeçalho tópico ou nome geográfico |
Clássicos |
| 9 (RLIN) |
77 |
| 650 #0 - ASSUNTO--TERMO TÓPICO |
| Cabeçalho tópico ou nome geográfico |
Filme |
| 9 (RLIN) |
26 |
| 655 #0 - TERMO DE ÍNDICE--GÊNERO E FORMA |
| Gênero/forma/ou termo foco |
Romance |
| 655 #0 - TERMO DE ÍNDICE--GÊNERO E FORMA |
| Gênero/forma/ou termo foco |
Ficção |
| 700 ## - ENTRADA ADICIONADA - NOME PESSOAL |
| Nome pessoal |
Zampil, Raquel |
| Função do autor por extenso |
TRADUTORA |
| 9 (RLIN) |
898 |
| 830 ## - ENTRADA SECUNDÁRIA DE SÉRIE--TÍTULO UNIFORME |
| Título uniforme |
Como Treinar seu Dragão |
| 9 (RLIN) |
993 |
| Número do volume ou designação sequencial da série |
vol. 1 |
| 942 ## - ELEMENTOS DE ENTRADA ADICIONADOS (KOHA) |
| Fonte de classificação ou esquema de arquivamento |
Classificação decimal de Dewey |
| Ocultar no OPAC |
Não |
| Tipo de material Koha |
Livros |